[Event "87o Campeonato Brasileiro Absoluto Final Aberta"]
[Site "Cuiaba MT"]
[Date "2021.10.29"]
[Round "3"]
[Board "17"]
[White "Nemeth Junior, Henrique"]
[Black "Do Valle Cardoso, Lucas"]
[Result "1-0"]
[WhiteElo "2056"]
[BlackElo "2285"]
[PlyCount "103"]
[EventDate "2021.10.28"]
[EventRounds "11"]
[EventCountry "BRA"]

1. c4 e5 2. Nc3 Nf6 3. Nf3 Nc6 4. e4 Bb4 5. d3 d6 6. a3 Bxc3+ 7. bxc3 a6 8. a4
O-O 9. h3 h6 10. g4 Nh7 11. Be3 Qf6 12. Be2 Nd8 13. Rg1 Ne6 14. h4 g5 15. Qd2
Nf4 16. Bxf4 exf4 17. Nd4 Bd7 18. hxg5 hxg5 19. Nf5 b5 20. f3 bxc4 21. d4 Rfe8
22. Kf2 d5 23. e5 Qg6 24. Qc2 Bxf5 25. gxf5 Qg7 26. f6 Nxf6 27. exf6 Qxf6 28.
Rh1 Kf8 29. Qh7 Ke7 30. Qh6 Rab8 31. Bf1 Rb2+ 32. Kg1 Qe6 33. Qxe6+ fxe6 34.
Re1 Kd6 35. Rh6 g4 36. fxg4 c5 37. g5 cxd4 38. cxd4 f3 39. Re3 Rb3 40. Kf2 c3
41. Bd3 Rb2+ 42. Kxf3 Rb4 43. g6 Rxd4 44. g7 Rg8 45. Rhxe6+ Kc5 46. Re7 Rh4 47.
Bf5 d4 48. R3e5+ Kb4 49. Rb7+ Ka3 50. Re1 Rh2 51. Be6 Ra2 52. Bxg8  1-0

[Event "87o Campeonato Brasileiro Absoluto Final Aberta"]
[Site "Cuiaba MT"]
[Date "2021.10.29"]
[Round "3"]
[Board "18"]
[White "Guimaraes, Diogo Duarte"]
[Black "De Oliveira, Yuri Garcia"]
[Result "1-0"]
[WhiteElo "2264"]
[BlackElo "1925"]
[PlyCount "61"]
[EventDate "2021.10.28"]
[EventRounds "11"]
[EventCountry "BRA"]

1. e4 c5 2. Nf3 d6 3. d4 cxd4 4. Nxd4 Nf6 5. Nc3 a6 6. h3 e5 7. Nde2 h5 8. Bg5
Be6 9. f4 Be7 10. f5 Bc4 11. Qd2 Nbd7 12. O-O-O b5 13. b3 Bxe2 14. Qxe2 Nxe4
15. Nxe4 Bxg5+ 16. Kb1 Be7 17. Nxd6+ Bxd6 18. Rxd6 Qc7 19. Qe4 Qxd6 20. Qxa8+
Ke7 21. Qxh8 Qd1+ 22. Kb2 Qd4+ 23. Kc1 Nc5 24. Bxb5 Ne4 25. Qe8+ Kf6 26. Qc6+
Kg5 27. h4+ Kg4 28. Be2+ Kg3 29. c3 Qd2+ 30. Kb1 Nxc3+ 31. Qxc3+  1-0

[Event "87o Campeonato Brasileiro Absoluto Final Aberta"]
[Site "Cuiaba MT"]
[Date "2021.10.29"]
[Round "3"]
[Board "19"]
[White "Costa, Kerginaldo Brito Da"]
[Black "Nogueira, Ivan Kuhlmann"]
[Result "0-1"]
[WhiteElo "1926"]
[BlackElo "2237"]
[PlyCount "52"]
[EventDate "2021.10.28"]
[EventRounds "11"]
[EventCountry "BRA"]

1. e4 Nf6 2. e5 Nd5 3. d4 d6 4. Nf3 Bg4 5. Be2 Nc6 6. c4 Nb6 7. exd6 cxd6 8.
Be3 Bxf3 9. gxf3 d5 10. c5 Nc8 11. Qd2 g6 12. h4 h5 13. b4 a6 14. a3 Bg7 15.
Ra2 e6 16. f4 N8e7 17. b5 axb5 18. Bxb5 Nf5 19. Nc3 O-O 20. Ne2 Nxh4 21. Rh3
Nf5 22. Kf1 Na5 23. a4 Qf6 24. Ra1 Nb3 25. Qb2 Nxc5 26. Re1 Nxa4  0-1

[Event "87o Campeonato Brasileiro Absoluto Final Aberta"]
[Site "Cuiaba MT"]
[Date "2021.10.29"]
[Round "3"]
[Board "22"]
[White "De Andrade, Dalson Holanda Caval"]
[Black "Bittencourt, Jorge"]
[Result "0-1"]
[WhiteElo "2000"]
[BlackElo "2414"]
[PlyCount "78"]
[EventDate "2021.10.28"]
[EventRounds "11"]
[EventCountry "BRA"]

1. d4 Nf6 2. c4 e6 3. Nf3 d5 4. Nc3 dxc4 5. Bg5 a6 6. a4 Nc6 7. e3 Na5 8. Ne5
Bb4 9. Nxc4 Qd5 10. Bxf6 Nxc4 11. Bxc4 Qxc4 12. Bxg7 Rg8 13. Be5 Rxg2 14. Bg3
Qc6 15. Kd2 Bd7 16. Rf1 O-O-O 17. Qh5 f5 18. Qxh7 Qc4 19. Kc2 Bxc3 20. bxc3
Bxa4+ 21. Rxa4 Qxa4+ 22. Kd2 Qc4 23. Rc1 b6 24. Qh3 Qa2+ 25. Kd3 Rxf2 26. Bxf2
Qxf2 27. Rc2 Qe1 28. Qh6 Qd1+ 29. Rd2 Qb1+ 30. Ke2 Qe4 31. Qh3 Rg8 32. Kf2 f4
33. Re2 fxe3+ 34. Rxe3 Rf8+ 35. Ke2 Qc2+ 36. Ke1 Kb8 37. Qxe6 Qxh2 38. Kd1 Qa2
39. Re1 Rf2  0-1

[Event "87o Campeonato Brasileiro Absoluto Final Aberta"]
[Site "Cuiaba MT"]
[Date "2021.10.29"]
[Round "3"]
[Board "23"]
[White "Filgueiras, Nathan Felipe"]
[Black "Soares, Joao Carlos T. C."]
[Result "1/2-1/2"]
[WhiteElo "2312"]
[BlackElo "2056"]
[PlyCount "55"]
[EventDate "2021.10.28"]
[EventRounds "11"]
[EventCountry "BRA"]

1. e4 e6 2. d4 d5 3. e5 c5 4. c3 Qb6 5. Nf3 Nc6 6. a3 Bd7 7. b4 cxd4 8. cxd4
Rc8 9. Bb2 Na5 10. Nfd2 Nc4 11. Nxc4 dxc4 12. Nc3 Ne7 13. Rc1 Qa6 14. Be2 b5
15. O-O Bc6 16. Bf3 Qb7 17. Bxc6+ Qxc6 18. Qe2 Nd5 19. f4 g6 20. Ne4 Be7 21.
Rf3 Qb6 22. Kh1 a5 23. bxa5 Qxa5 24. g4 h5 25. g5 Kd7 26. Nc3 Qa8 27. Kg1 Nxc3
28. Rfxc3  1/2-1/2

[Event "87o Campeonato Brasileiro Absoluto Final Aberta"]
[Site "Cuiaba MT"]
[Date "2021.10.29"]
[Round "3"]
[Board "24"]
[White "Valcarcel, Victor Ignacio Dos Santos"]
[Black "Federzoni, Enzo"]
[Result "0-1"]
[WhiteElo "1879"]
[BlackElo "2215"]
[PlyCount "88"]
[EventDate "2021.10.28"]
[EventRounds "11"]
[EventCountry "BRA"]

1. e4 c5 2. Nf3 d6 3. d4 cxd4 4. Nxd4 Nf6 5. Nc3 a6 6. Be3 e5 7. Nf3 Be7 8. Bc4
Nc6 9. Qd2 Na5 10. Bd5 O-O 11. O-O Bg4 12. Na4 Nxd5 13. Qxd5 Be6 14. Bb6 Bxd5
15. Bxd8 Rfxd8 16. exd5 Rac8 17. Rac1 b5 18. Nb6 Rb8 19. b4 Rxb6 20. bxa5 Rb7
21. c4 b4 22. g3 f6 23. Nd2 Rc8 24. Rc2 f5 25. Nb3 Rbc7 26. Rfc1 Bg5 27. f4
exf4 28. Re1 Rxc4 29. Re8+ Rxe8 30. Rxc4 fxg3 31. hxg3 Re4 32. Rc6 Re2 33. Kf1
Rxa2 34. Rxd6 Ra3 35. Nd4 b3 36. Rb6 Rxa5 37. Nxf5 Rxd5 38. Rb8+ Kf7 39. Rb7+
Kg6 40. g4 Rd3 41. Rxg7+ Kf6 42. Rb7 h5 43. Ng7 hxg4 44. Ke1 Kg6  0-1

[Event "87o Campeonato Brasileiro Absoluto Final Aberta"]
[Site "Cuiaba MT"]
[Date "2021.10.29"]
[Round "3"]
[Board "25"]
[White "Do Nascimento, Christian Almeida"]
[Black "Trevisan, Rodrigo"]
[Result "1/2-1/2"]
[WhiteElo "2037"]
[BlackElo "2111"]
[PlyCount "62"]
[EventDate "2021.10.28"]
[EventRounds "11"]
[EventCountry "BRA"]

1. d4 Nf6 2. Bg5 d5 3. Bxf6 gxf6 4. e3 c5 5. Nc3 e6 6. Nge2 cxd4 7. Nxd4 Nc6 8.
g3 Bg7 9. Qg4 O-O 10. O-O-O f5 11. Qh5 Nxd4 12. exd4 Bd7 13. g4 fxg4 14. h3 g3
15. Bd3 f5 16. fxg3 Bxd4 17. Qf3 Bxc3 18. bxc3 Qa5 19. g4 Rac8 20. gxf5 Qa3+
21. Kb1 Qxc3 22. Qg4+ Kf7 23. fxe6+ Bxe6 24. Bf5 Bxf5 25. Qxf5+ Kg7 26. Qg4+
Kh8 27. Qd4+ Qxd4 28. Rxd4 Rf5 29. Re1 Rc4 30. Re8+ Kg7 31. Re7+ Rf7  1/2-1/2

[Event "87o Campeonato Brasileiro Absoluto Final Aberta"]
[Site "Cuiaba MT"]
[Date "2021.10.29"]
[Round "3"]
[Board "26"]
[White "Urquiza, Marcello De Albuquerque"]
[Black "Baeta, Marcio Netto"]
[Result "1-0"]
[WhiteElo "2093"]
[BlackElo "1906"]
[PlyCount "102"]
[EventDate "2021.10.28"]
[EventRounds "11"]
[EventCountry "BRA"]

1. e4 Nf6 2. e5 Nd5 3. d4 d6 4. Nf3 g6 5. Bc4 Nb6 6. Bb3 Bg7 7. a4 a5 8. Qe2 d5
9. h3 O-O 10. O-O Na6 11. Na3 c5 12. c3 Bf5 13. Bc2 Bxc2 14. Nxc2 Qc7 15. e6 f6
16. b3 c4 17. b4 axb4 18. cxb4 Qd6 19. a5 Nc8 20. Bd2 Nc7 21. Rfe1 Nb5 22. g3
g5 23. Qe3 h6 24. Bc3 Ra6 25. Qd2 f5 26. h4 f4 27. g4 Bf6 28. hxg5 hxg5 29. Ne5
Qxe6 30. f3 Qd6 31. Re2 Kg7 32. Rh2 Qd8 33. Kg2 Rh8 34. Rxh8 Qxh8 35. Rh1 Qe8
36. Kf1 e6 37. Ba1 Bxe5 38. dxe5 Qg6 39. Qh2 Qd3+ 40. Ke1 Kf7 41. Qh8 Qxc2 42.
Rh7+ Qxh7 43. Qxh7+ Ke8 44. Qxb7 Ra7 45. Qxc8+ Kf7 46. Qc5 Rb7 47. a6 Rb8 48.
a7 Ra8 49. Qxb5 Rxa7 50. Bd4 Re7 51. Qb6 Rd7  1-0

[Event "87o Campeonato Brasileiro Absoluto Final Aberta"]
[Site "Cuiaba MT"]
[Date "2021.10.29"]
[Round "3"]
[Board "28"]
[White "Jordao Barbosa, Marcio"]
[Black "Kruger, Israel"]
[Result "0-1"]
[WhiteElo "2183"]
[BlackElo "1882"]
[PlyCount "70"]
[EventDate "2021.10.28"]
[EventRounds "11"]
[EventCountry "BRA"]

1. e4 c5 2. Nf3 Nc6 3. d4 cxd4 4. Nxd4 Qb6 5. Nb3 Nf6 6. Nc3 e6 7. Be3 Qc7 8.
a3 a6 9. Be2 d6 10. O-O Be7 11. f4 b5 12. Bf3 Bb7 13. Qe1 O-O 14. Qg3 Kh8 15.
Qh3 b4 16. axb4 Nxb4 17. Rf2 Rab8 18. g4 Nxc2 19. g5 Nxe3 20. gxf6 gxf6 21. Nd4
Rg8+ 22. Kh1 Qc5 23. Ra4 Nc4 24. Qf1 Nb6 25. Nb3 Qc7 26. Ra5 d5 27. Ra1 dxe4
28. Nxe4 f5 29. Ng3 Nd5 30. Na5 Ne3 31. Qd3 Bxf3+ 32. Rxf3 Ng4 33. Nh5 Qc5 34.
Qe2 Rg6 35. Nb3 Rxb3  0-1

[Event "87o Campeonato Brasileiro Absoluto Final Aberta"]
[Site "Cuiaba MT"]
[Date "2021.10.29"]
[Round "3"]
[Board "29"]
[White "Fontoura, Alexandre Souza"]
[Black "Rocha, Vitor Firmo De Souza"]
[Result "0-1"]
[WhiteElo "1873"]
[BlackElo "2176"]
[PlyCount "64"]
[EventDate "2021.10.28"]
[EventRounds "11"]
[EventCountry "BRA"]

1. b3 d5 2. Bb2 Bg4 3. f3 Bh5 4. Nh3 Nf6 5. Nf4 Bg6 6. e3 Nbd7 7. Nc3 c6 8. g3
e5 9. Nxg6 hxg6 10. Bg2 Bd6 11. Qe2 Qe7 12. a3 O-O-O 13. b4 Kb8 14. Nd1 Nb6 15.
d3 Na4 16. Bc1 c5 17. c3 Qc7 18. Qc2 Nb6 19. b5 e4 20. f4 exd3 21. Qxd3 c4 22.
Qc2 Nbd7 23. O-O Nc5 24. Nf2 Rhe8 25. Re1 Nb3 26. Ra2 Bc5 27. a4 Qb6 28. Ba3
Bxe3 29. Kf1 Nd2+ 30. Qxd2 Bxd2 31. Rxe8 Rxe8 32. Rxd2 Qe3  0-1

[Event "87o Campeonato Brasileiro Absoluto Final Aberta"]
[Site "Cuiaba MT"]
[Date "2021.10.29"]
[Round "3"]
[Board "30"]
[White "Mazetto, Sergio Luiz"]
[Black "Deus Filho, Joaquim De"]
[Result "0-1"]
[WhiteElo "2119"]
[BlackElo "1868"]
[PlyCount "186"]
[EventDate "2021.10.28"]
[EventRounds "11"]
[EventCountry "BRA"]

1. d4 e6 2. e4 b6 3. Nc3 Bb4 4. Bd3 Bb7 5. Qe2 Bxc3+ 6. bxc3 f5 7. Nf3 fxe4 8.
Bxe4 Bxe4 9. Qxe4 Nc6 10. Bg5 Nf6 11. Qe2 h6 12. Bd2 O-O 13. O-O Qe8 14. c4 Qh5
15. Bc3 Rf7 16. Rae1 Raf8 17. h3 a5 18. Qd3 Nh7 19. Re3 Qf5 20. Nh4 Qxd3 21.
cxd3 Ne7 22. Nf3 Ng6 23. Ne5 Nxe5 24. dxe5 Rf4 25. Re2 R8f7 26. Rb1 Rf8 27. Rb5
Ra8 28. Reb2 a4 29. c5 bxc5 30. Rb7 Rc8 31. Ra7 Nf8 32. Rbb7 c6 33. Kf1 g5 34.
Ke2 c4 35. d4 Re4+ 36. Kf3 Rf4+ 37. Ke3 c5 38. dxc5 Rxc5 39. g3 Rf7 40. Rc7 Rd5
41. Rxc4 Ng6 42. f4 gxf4+ 43. gxf4 Ne7 44. Raxa4 Nf5+ 45. Kf2 Rd3 46. Ra8+ Kh7
47. a4 Rg7 48. Rcc8 Rxh3 49. Rh8+ Kg6 50. Bd2 Rh2+ 51. Ke1 Nd4 52. Bc3 Nc2+ 53.
Kd1 Ne3+ 54. Ke1 Kf5 55. Rag8 Rxg8 56. Rxg8 Kxf4 57. a5 Ke4 58. Bd2 Kd3 59.
Bxe3 Kxe3 60. Rg3+ Ke4 61. Ra3 Rg2 62. a6 Rg8 63. a7 Ra8 64. Ra5 Kd4 65. Kf2
Kc4 66. Kg3 Kb4 67. Ra1 Kb5 68. Kh4 Kb6 69. Kh5 Rxa7 70. Re1 Ra2 71. Kxh6 Rg2
72. Rd1 Kc7 73. Rc1+ Kd8 74. Re1 Ke7 75. Ra1 Re2 76. Ra5 Rd2 77. Kg5 Rd5 78.
Rxd5 exd5 79. Kf5 d6 80. e6 Kf8 81. Kf4 Ke8 82. Kg4 d4 83. Kf4 d5 84. Kf3 Ke7
85. Ke2 Kxe6 86. Kd2 Kf5 87. Kd3 Ke5 88. Kd2 Ke4 89. Ke2 d3+ 90. Kd2 Kd4 91.
Kd1 Ke3 92. Ke1 d2+ 93. Kd1 d4  0-1

[Event "87o Campeonato Brasileiro Absoluto Final Aberta"]
[Site "Cuiaba MT"]
[Date "2021.10.29"]
[Round "3"]
[Board "31"]
[White "Souza Neves, Andrey M."]
[Black "Andrade, Guilherme A. De Souza"]
[Result "1-0"]
[WhiteElo "2087"]
[BlackElo "1852"]
[PlyCount "91"]
[EventDate "2021.10.28"]
[EventRounds "11"]
[EventCountry "BRA"]

1. e4 c5 2. c3 Nf6 3. e5 Nd5 4. Nf3 d6 5. Bc4 Nb6 6. Bb3 c4 7. Bc2 Nc6 8. exd6
Qxd6 9. O-O Bg4 10. d4 cxd3 11. Qxd3 Qxd3 12. Bxd3 Bxf3 13. gxf3 Rd8 14. Be2 e6
15. a4 Nd5 16. b4 Bd6 17. a5 a6 18. b5 Nb8 19. Ra4 axb5 20. Bxb5+ Nd7 21. c4
Nc7 22. Rd1 Ke7 23. Nc3 Nc5 24. Ra3 Be5 25. Be3 Rxd1+ 26. Nxd1 N7a6 27. Bxa6
Nxa6 28. Rb3 Rc8 29. Rxb7+ Kf6 30. f4 Bc7 31. Rb5 Ra8 32. Nc3 Nb8 33. Bd4+ Ke7
34. Rb7 Kd8 35. Bb6 Bxb6 36. axb6 Nd7 37. Ne4 Ra1+ 38. Kg2 Rc1 39. c5 Nxc5 40.
Nxc5 Rxc5 41. Rxf7 Rb5 42. b7 g5 43. Rf8+ Kc7 44. b8=Q+ Rxb8 45. Rxb8 Kxb8 46.
fxg5  1-0

[Event "87o Campeonato Brasileiro Absoluto Final Aberta"]
[Site "Cuiaba MT"]
[Date "2021.10.29"]
[Round "3"]
[Board "32"]
[White "Duailibi, Ricardo Miguel"]
[Black "Silva, Kaua Marques"]
[Result "0-1"]
[WhiteElo "1849"]
[BlackElo "2086"]
[PlyCount "74"]
[EventDate "2021.10.28"]
[EventRounds "11"]
[EventCountry "BRA"]

1. e4 c5 2. Nc3 Nc6 3. g3 g6 4. Bg2 Bg7 5. d3 d6 6. Nge2 Rb8 7. a4 a6 8. O-O b5
9. axb5 axb5 10. f4 b4 11. Nb1 e6 12. Nd2 Nge7 13. Nf3 d5 14. e5 Qb6 15. Be3 f6
16. d4 Nf5 17. Bf2 fxe5 18. dxc5 Qc7 19. fxe5 Nxe5 20. Nxe5 Bxe5 21. Re1 O-O
22. Nc1 Bxb2 23. Nd3 Bxa1 24. Qxa1 Ne7 25. Ne5 Rxf2 26. Kxf2 Qxc5+ 27. Kf1 Bb7
28. Bf3 Rf8 29. Kg2 Ra8 30. Qc1 Ra2 31. Qg5 Rxc2+ 32. Kh3 Nf5 33. Nxg6 hxg6 34.
Qxg6+ Ng7 35. Bg4 Rxh2+ 36. Kxh2 Qf2+ 37. Kh3 Qxe1  0-1

[Event "87o Campeonato Brasileiro Absoluto Final Aberta"]
[Site "Cuiaba MT"]
[Date "2021.10.29"]
[Round "3"]
[Board "33"]
[White "Nunes Jr, Sidney"]
[Black "Costa, Ricardo Santos"]
[Result "1-0"]
[WhiteElo "2084"]
[BlackElo "1834"]
[PlyCount "49"]
[EventDate "2021.10.28"]
[EventRounds "11"]
[EventCountry "BRA"]

1. e4 c5 2. Nf3 Nc6 3. Bb5 g6 4. O-O Bg7 5. c3 Nf6 6. Qe2 O-O 7. h3 d6 8. Rd1
Qc7 9. d4 cxd4 10. cxd4 Bd7 11. Nc3 a6 12. Bd3 e6 13. Bg5 Rac8 14. Rac1 Qb8 15.
Bb1 b5 16. Qe3 Rfe8 17. Qf4 e5 18. dxe5 dxe5 19. Qh4 h6 20. Bxf6 g5 21. Nxg5
Bxf6 22. Qxh6 Bxg5 23. Qxg5+ Kh7 24. Rd2 Rf8 25. Nd5  1-0

[Event "87o Campeonato Brasileiro Absoluto Final Aberta"]
[Site "Cuiaba MT"]
[Date "2021.10.29"]
[Round "3"]
[Board "34"]
[White "Ribeiro, Fabiano Pinto"]
[Black "Piccoli, Lucas Fonseca"]
[Result "0-1"]
[WhiteElo "1831"]
[BlackElo "2075"]
[PlyCount "76"]
[EventDate "2021.10.28"]
[EventRounds "11"]
[EventCountry "BRA"]

1. e4 c6 2. d3 d5 3. Nd2 g6 4. Ngf3 Bg7 5. g3 e5 6. c3 Ne7 7. Bg2 O-O 8. O-O h6
9. Re1 Qc7 10. Nf1 Be6 11. d4 f6 12. h3 Nd7 13. b3 dxe4 14. Rxe4 f5 15. Re1 e4
16. Bf4 Qd8 17. Ne5 g5 18. Nxd7 Qxd7 19. Be5 Bxe5 20. dxe5 Ng6 21. f3 Qf7 22.
Qe2 Rae8 23. fxe4 f4 24. Qh5 Nxe5 25. Qxf7+ Rxf7 26. gxf4 gxf4 27. Kh2 Rd8 28.
Red1 Rfd7 29. Rxd7 Rxd7 30. h4 Rd3 31. Rc1 Kg7 32. c4 Kf6 33. Rc2 Ng4+ 34. Kg1
f3 35. Bh1 Ke5 36. Nd2 f2+ 37. Kf1 Ne3+ 38. Ke2 Rxd2+  0-1

[Event "87o Campeonato Brasileiro Absoluto Final Aberta"]
[Site "Cuiaba MT"]
[Date "2021.10.29"]
[Round "3"]
[Board "35"]
[White "Veiga, Emerson De Sousa"]
[Black "Pessoa, Marcio De Souza"]
[Result "1-0"]
[WhiteElo "2072"]
[BlackElo "1818"]
[PlyCount "77"]
[EventDate "2021.10.28"]
[EventRounds "11"]
[EventCountry "BRA"]

1. e4 c6 2. d4 d5 3. f3 g6 4. Nc3 Bg7 5. Be3 Nf6 6. e5 Nfd7 7. f4 e6 8. Nf3 O-O
9. Bd3 f6 10. O-O b6 11. Ne2 Ba6 12. Bxa6 Nxa6 13. Ng3 c5 14. c3 c4 15. h4 b5
16. a3 Nc7 17. h5 a5 18. hxg6 hxg6 19. Nh4 Qe8 20. Qg4 Kh7 21. f5 exf5 22.
Ngxf5 fxe5 23. Nxg7 Kxg7 24. dxe5 Qe6 25. Qg5 Rh8 26. Rf6 Nxf6 27. exf6+ Kf8
28. Nxg6+ Ke8 29. Nxh8 Kd7 30. Ng6 Rg8 31. f7 Rxg6 32. f8=Q Rxg5 33. Bxg5 Ne8
34. Rf1 Nd6 35. Qd8+ Kc6 36. Rf6 Qe5 37. Qxd6+ Qxd6 38. Rxd6+ Kxd6 39. Be3  1-0

[Event "87o Campeonato Brasileiro Absoluto Final Aberta"]
[Site "Cuiaba MT"]
[Date "2021.10.29"]
[Round "3"]
[Board "36"]
[White "Jenidarchiche, Douglas Rodrigo"]
[Black "Andrade, Roberto Luiz Costa"]
[Result "0-1"]
[WhiteElo "1815"]
[BlackElo "2060"]
[PlyCount "90"]
[EventDate "2021.10.28"]
[EventRounds "11"]
[EventCountry "BRA"]

1. d4 c5 2. Nf3 cxd4 3. Nxd4 Nf6 4. g3 e5 5. Nf3 e4 6. Nd4 Bc5 7. Bg2 Qb6 8. e3
d5 9. c3 O-O 10. Nd2 Nc6 11. Nxc6 bxc6 12. O-O Ng4 13. Qb3 Bxe3 14. fxe3 Qxe3+
15. Kh1 Nf2+ 16. Rxf2 Qxf2 17. Qd1 e3 18. Nf3 Bg4 19. h3 Bxf3 20. Qxf3 Qe1+ 21.
Qf1 Qxg3 22. b3 e2 23. Qxe2 Rae8 24. Bf4 Qxf4 25. Qa6 Re6 26. Qxa7 Rfe8 27. Rf1
Re1 28. Kg1 Rxf1+ 29. Bxf1 Qg3+ 30. Kh1 g6 31. Qg1 Qxc3 32. Qf2 Re6 33. Kh2 Kg7
34. Qg2 h5 35. Qf2 Rf6 36. Qg2 Qe5+ 37. Kh1 Qe1 38. Kg1 Qe3+ 39. Kh1 c5 40. Qg1
Qc1 41. Bg2 Qc3 42. a4 d4 43. Qd1 d3 44. a5 d2 45. a6 Qc1  0-1

[Event "87o Campeonato Brasileiro Absoluto Final Aberta"]
[Site "Cuiaba MT"]
[Date "2021.10.29"]
[Round "3"]
[Board "37"]
[White "De Oliveira, Aquiles Machado"]
[Black "Lima, Carlos Eduardo I De Araujo"]
[Result "1/2-1/2"]
[WhiteElo "2059"]
[BlackElo "1815"]
[PlyCount "75"]
[EventDate "2021.10.28"]
[EventRounds "11"]
[EventCountry "BRA"]

1. e4 c6 2. Nf3 d5 3. d3 dxe4 4. dxe4 Qxd1+ 5. Kxd1 Bg4 6. Be3 Nf6 7. Nbd2 Nbd7
8. a4 e6 9. Bd3 Nc5 10. Ke2 Be7 11. c3 O-O 12. Bc2 Rfd8 13. Rhd1 Bh5 14. h3 Bg6
15. Bxc5 Bxc5 16. Ne5 Bb6 17. Nxg6 hxg6 18. Nc4 Bc7 19. a5 Kf8 20. b4 Ke7 21.
Ke3 g5 22. Rxd8 Rxd8 23. Rd1 Nd7 24. Ke2 Rh8 25. f3 Ne5 26. Nxe5 Bxe5 27. Rd3
c5 28. Ba4 Rd8 29. Rxd8 Kxd8 30. Kd3 cxb4 31. cxb4 Kc7 32. Kc4 Kd6 33. b5 b6
34. a6 Bg3 35. Bc2 Bf2 36. Bb3 Ke5 37. Kd3 Kf4 38. Ke2  1/2-1/2

[Event "87o Campeonato Brasileiro Absoluto Final Aberta"]
[Site "Cuiaba MT"]
[Date "2021.10.29"]
[Round "3"]
[Board "38"]
[White "Cruz, Natan Gomes"]
[Black "Uczai, Joao Pedro Filimberti"]
[Result "1/2-1/2"]
[WhiteElo "1815"]
[BlackElo "2058"]
[PlyCount "84"]
[EventDate "2021.10.28"]
[EventRounds "11"]
[EventCountry "BRA"]

1. d4 e6 2. Nf3 d5 3. c4 Nf6 4. e3 Be7 5. Bd3 O-O 6. Nc3 b6 7. O-O c5 8. cxd5
exd5 9. b3 Nc6 10. dxc5 bxc5 11. Bb2 Bg4 12. Be2 h6 13. Rc1 Be6 14. Na4 Nd7 15.
Qd2 Rc8 16. Rfd1 Qc7 17. Ba3 Nce5 18. Nxe5 Qxe5 19. Qa5 Bd6 20. g3 d4 21. Qd2
Bh3 22. exd4 cxd4 23. Bb2 Rxc1 24. Rxc1 Re8 25. Bf1 Bxf1 26. Rxf1 Nc5 27. Bxd4
Qd5 28. Nc3 Qc6 29. Be3 Ne6 30. Qd5 Qxc3 31. Qxd6 Ng5 32. Bxg5 hxg5 33. Qd7 Re1
34. Qb5 g4 35. Rxe1 Qxe1+ 36. Qf1 Qd2 37. a4 a5 38. Qc4 Qd1+ 39. Kg2 Qf3+ 40.
Kg1 Qd1+ 41. Kg2 Qf3+ 42. Kg1 Qd1+  1/2-1/2

[Event "87o Campeonato Brasileiro Absoluto Final Aberta"]
[Site "Cuiaba MT"]
[Date "2021.10.29"]
[Round "3"]
[Board "39"]
[White "Dos Santos, Clecio Franca"]
[Black "Ribeiro Carrico, Victor Hugo"]
[Result "1-0"]
[WhiteElo "2031"]
[BlackElo "1791"]
[PlyCount "69"]
[EventDate "2021.10.28"]
[EventRounds "11"]
[EventCountry "BRA"]

1. e4 e5 2. Nf3 Nc6 3. Bc4 Nf6 4. Ng5 d5 5. exd5 Na5 6. Bb5+ c6 7. dxc6 bxc6 8.
Qf3 Be7 9. Bd3 O-O 10. O-O h6 11. Ne4 Nd5 12. Ng3 Bg5 13. Bf5 Nc4 14. Bxc8 Rxc8
15. Ne4 f5 16. Nxg5 hxg5 17. Qe2 Nd6 18. d3 Nf4 19. Qxe5 Re8 20. Qc5 Ne2+ 21.
Kh1 g4 22. Nc3 Qf6 23. Nxe2 Rxe2 24. Bf4 Nf7 25. d4 Rce8 26. Qc4 R2e4 27. Be5
R8xe5 28. dxe5 Rxc4 29. exf6 Rxc2 30. b3 gxf6 31. f3 Kg7 32. Rfc1 Rxc1+ 33.
Rxc1 Ne5 34. f4 Nd3 35. Rxc6  1-0

[Event "87o Campeonato Brasileiro Absoluto Final Aberta"]
[Site "Cuiaba MT"]
[Date "2021.10.29"]
[Round "3"]
[Board "40"]
[White "Dantas, Neimar De Oliveira"]
[Black "Panazzolo, Paulo Victor"]
[Result "1/2-1/2"]
[WhiteElo "2030"]
[BlackElo "1790"]
[PlyCount "72"]
[EventDate "2021.10.28"]
[EventRounds "11"]
[EventCountry "BRA"]

1. d4 d5 2. Nf3 Nf6 3. c4 dxc4 4. g3 e6 5. Bg2 c5 6. O-O Nc6 7. dxc5 Bxc5 8.
Qc2 Qe7 9. Qxc4 O-O 10. a3 e5 11. b4 Bb6 12. Bb2 Be6 13. Qh4 Bf5 14. b5 Nd4 15.
Nxd4 exd4 16. Bxd4 Bxd4 17. Qxd4 Qxe2 18. Nc3 Qe7 19. Rfe1 Be6 20. Ne4 Nxe4 21.
Qxe4 Rab8 22. a4 b6 23. a5 Qc5 24. Qe5 Bd7 25. axb6 Qxb6 26. Ra6 Qxb5 27. Qxb5
Rxb5 28. Rxa7 Be6 29. Rea1 g6 30. h4 Rfb8 31. Be4 Bd5 32. Bxd5 Rxd5 33. Rc1 Rb2
34. Rc8+ Kg7 35. Rcc7 Rf5 36. f4 Kg8  1/2-1/2

[Event "87o Campeonato Brasileiro Absoluto Final Aberta"]
[Site "Cuiaba MT"]
[Date "2021.10.29"]
[Round "3"]
[Board "41"]
[White "Lima, Vinicius Taishun"]
[Black "Bandeira, Tarciano"]
[Result "1/2-1/2"]
[WhiteElo "1788"]
[BlackElo "2026"]
[PlyCount "190"]
[EventDate "2021.10.28"]
[EventRounds "11"]
[EventCountry "BRA"]

1. e4 e5 2. d4 exd4 3. Bc4 Nc6 4. Nf3 d6 5. Nxd4 Nf6 6. Nc3 Be7 7. O-O O-O 8.
h3 a6 9. Bf4 Bd7 10. a3 Ne5 11. Bb3 Qc8 12. Qe2 c5 13. Bxe5 dxe5 14. Nf3 Qc7
15. Rfe1 Rac8 16. Nd5 Nxd5 17. Bxd5 c4 18. b3 cxb3 19. cxb3 Bb5 20. Qb2 Qc2 21.
Qxc2 Rxc2 22. a4 Be2 23. Rac1 Rxc1 24. Rxc1 Bxf3 25. gxf3 b6 26. Rc7 Bb4 27.
Rb7 Bc5 28. Kg2 g5 29. Kg3 Kg7 30. b4 Bxb4 31. Rxb6 a5 32. Kg4 f6 33. Kf5 Bc5
34. Rb7+ Kh8 35. Bf7 Bxf2 36. Kxf6 Bg3 37. Ra7 Be1 38. Kxe5 Rc8 39. Kf6 h6 40.
e5 Bc3 41. Re7 Rc6+ 42. Kf5 Rc5 43. Bb3 Bb4 44. Re8+ Kg7 45. Re7+ Kh8 46. Re6
Kh7 47. Kf6 Rc8 48. Re7+ Bxe7+ 49. Kxe7 Kg7 50. e6 Ra8 51. Bd5 Ra7+ 52. Kd6 Kf6
53. Bc6 h5 54. Bd7 Ra6+ 55. Kc5 Ke7 56. Kb5 Ra8 57. Kb6 Kd6 58. Bc6 Rb8+ 59.
Bb7 Kxe6 60. Ka6 Ke5 61. Bc6 Kd6 62. Be4 Rb4 63. Bc2 Rc4 64. Bb3 Rc3 65. Bf7
Rxf3 66. Bxh5 Rxh3 67. Be2 Re3 68. Bd1 Re5 69. Kb6 Rd5 70. Bf3 Rf5 71. Be2 Re5
72. Bf3 Ke6 73. Bg4+ Kd6 74. Bf3 Rf5 75. Be2 Rd5 76. Bf3 Re5 77. Bd1 Ke6 78.
Bg4+ Kf6 79. Ka6 Rd5 80. Bf3 Ke5 81. Kb6 Rd3 82. Be2 Rd2 83. Bf3 Kf4 84. Ba8
Rb2+ 85. Kxa5 g4 86. Ka6 g3 87. a5 g2 88. Bxg2 Rxg2 89. Kb7 Rb2+ 90. Kc7 Ke5
91. a6 Rc2+ 92. Kb7 Rb2+ 93. Ka8 Kd6 94. a7 Rh2 95. Kb7 Rh7+  1/2-1/2

[Event "87o Campeonato Brasileiro Absoluto Final Aberta"]
[Site "Cuiaba MT"]
[Date "2021.10.29"]
[Round "3"]
[Board "42"]
[White "Pereira, Geanfrancesco"]
[Black "Da Rosa, Henrique Jaze Simoes"]
[Result "1-0"]
[WhiteElo "2023"]
[BlackElo "1788"]
[PlyCount "51"]
[EventDate "2021.10.28"]
[EventRounds "11"]
[EventCountry "BRA"]

1. e4 e5 2. Nf3 Nc6 3. c4 Nf6 4. Nc3 Bb4 5. d3 d6 6. a3 Bc5 7. b4 Bb6 8. Na4
O-O 9. Nxb6 axb6 10. Bb2 Ne8 11. d4 Bg4 12. d5 Ne7 13. Be2 f5 14. Ng5 Bxe2 15.
Qxe2 Qd7 16. Ne6 Rf7 17. exf5 Nxf5 18. O-O Nf6 19. f4 exf4 20. Rxf4 Ne8 21.
Raf1 Nh6 22. Rxf7 Nxf7 23. Qg4 g6 24. Qd4 Qe7 25. Rxf7 Kxf7 26. Qh8  1-0